000 00791nam a22001817a 4500
005 20250728120332.0
010 _aHIN-130017
020 _a9789355482600
_c100.00
035 _aHN-102363
037 _bDBAD
100 _aव्यास, दक्षा
_983398
245 _aभारतीय साहित्य के निर्माता:
_cदक्षा व्यास
_bजयन्त पाठक/
250 _aप्रथम
260 _aनई दिल्ली
_bसाहित्य अकादमी
_c2024
270 _aरबिन्द्र भवन, 35, फेरोज़ेशाह रोड
_bनई दिल्ली
300 _a94 पृ.
_c22. सेमी (अजिल्द )
942 _2ddc
_cHN
_h921
_mव्यासद
999 _c212657
_d212657